Colonialism culture and resistance (Record no. 596)

MARC details
000 -LEADER
fixed length control field 00559 a2200169 4500
001 - CONTROL NUMBER
control field 066551
003 - CONTROL NUMBER IDENTIFIER
control field OSt
005 - DATE AND TIME OF LATEST TRANSACTION
control field 20211001122714.0
008 - FIXED-LENGTH DATA ELEMENTS--GENERAL INFORMATION
fixed length control field
082 ## - DEWEY DECIMAL CLASSIFICATION NUMBER
Classification number 306.2054
Item number P19C
100 1# - MAIN ENTRY--PERSONAL NAME
Personal name Panikkar, K.N.
245 1# - TITLE STATEMENT
Title Colonialism culture and resistance
Statement of responsibility, etc by K.N. Panikkar
260 ## - PUBLICATION, DISTRIBUTION, ETC. (IMPRINT)
Place of publication, distribution, etc New Delhi
Name of publisher, distributor, etc Oxford University Press
Date of publication, distribution, etc 2009
300 ## - PHYSICAL DESCRIPTION
Extent 279p.
690 ## - LOCAL SUBJECT ADDED ENTRY--TOPICAL TERM (OCLC, RLIN)
Topical term or geographic name as entry element India; British Occupation of India (1765-1947); Nationalism--Social aspects; Civilization; Intellectual life; South Asia; Colonial influence
942 ## - ADDED ENTRY ELEMENTS (KOHA)
Source of classification or shelving scheme Dewey Decimal Classification
Koha item type Books
Holdings
Withdrawn status Lost status Source of classification or shelving scheme Damaged status Not for loan Collection code Home library Current library Date acquired Source of acquisition Cost, normal purchase price Full call number Barcode Date last seen Price effective from Koha item type
    Dewey Decimal Classification     General Text Book Central University Of Rajasthan Central University Of Rajasthan 07/03/2012 ENG 395.00 306.2054 P19C 837 21/11/2024 02/09/2020 Books